Odpady a ich zhodnocovanie v podniku bakalárska práca

Gespeichert in:
Bibliographische Detailangaben
1. Verfasser: Haring, Ján
Körperschaft: Fakulta podnikového manažmentu EU. Katedra manažmentu výroby a logistiky - zrušená
Weitere Verfasser: Vybíralová, Júlia
Format: Buch
Sprache:Slowakisch
Veröffentlicht: Bratislava 2011
Tags: Tag hinzufügen
Keine Tags, Fügen Sie das erste Tag hinzu!

MARC

LEADER 00000nbm a2200000 4500
001 0131249
005 20161109111418.2
041 0 |a slo 
044 |a SK 
245 1 0 |a Odpady a ich zhodnocovanie v podniku  |b bakalárska práca  |c Ján Haring ; školiteľ: Júlia Vybíralová 
264 1 |a Bratislava  |c 2011 
300 |a 48 s. 
100 1 |a Haring, Ján 
700 1 |a Vybíralová, Júlia 
710 2 |a Fakulta podnikového manažmentu EU. Katedra manažmentu výroby a logistiky - zrušená